000 01581cam a22001814a 4500
005 20250605164349.0
008 250528s ||||||||||||||||||||||||d
035 _a24081
040 _aGR-AtMCL
_bgre
_dGR-AtMCL
_eAACR2
245 1 _aΤο Ε.Β.Ε.Α. Βράβευσε την Πρόεδρο της Άνω Δούμας της Ρωσικής Ομοσπονδίας / Συνέντευξη του Υπουργού Ανάπτυξης Κωστή Χατζηδάκη
260 _bΕμπορικό Και Βιομηχανικό Επιμελητήριο Αθηνών,
_c2013
300 _a64
520 _aΟικονομικό Βαρόμετρο Ε.Β.Ε.Α., Η Τραπεζική Ενοποίηση Αναγκαία Προϋπόθεση για την Έξοδο από την Κρίση, Η Αγορά της Κίνας Αποτελεί Σημαντικό Πεδίο Εξωστρέφειας για τις Ελληνικές Επιχειρήσεις, Πραγματικότητα και Ψευδαισθήσεις, Θετικό Κλίμα στις Επαφές του Πρωθυπουργού σε Η.Π.Α. - Ισραήλ, Η Υφεσιαακή Πολιτική δεν Αποτελεί Λύση, Οι Γερμανοί Προτιμούν τα Ελληνικά Προϊόντα, Συρρικνώνεται ο Δείκτης Όγκου Λιανικών Πωλήσεων, Ενίσχυση του Προγράμματος 'Εξοικονόμηση Κατ'Οίκον.
700 1 _aΜίχαλος Κωνσταντίνος
_94319
942 _cCR
999 _c8980
_d8980